000 00336nam a2200157Ia 4500
100 _aRai/ K.S./ Sarao/N.S.
250 _a4
942 _cBK
654 _aApplied
245 _aApplied Thermodynamics
260 _bSatya Prakashan
_aNew york
_c1982
082 _a621.4021
_bSAR
300 _a681
546 _aENGLISH
999 _c31152
_d31152